000 00669nam a2200289Ia 4500
005 20260324132515.0
008 008 260324s9999 xx 000 0 eng d
020 _a9780429119941
037 _aEBOOK
040 _aCRL
040 _beng
040 _cCRL
041 _2eng
041 _aeng
084 _qCRL
100 _aGraham C. Wrigley
_91189548
245 0 _aFacility Validation
245 0 _bTheory, Practice, and Tools
260 _bTaylor and Francis
260 _c2004
365 _a
365 _b340
856 _uhttp://www.taylorfrancis.com/books/9780429119941
942 _cEBOOK
999 _c1787715
_d1787715